[Event "Jakarta Pertamina GM"]
[Site "Jakarta"]
[Date "2024.04.30"]
[Round "10"]
[White "Tarigan, Gilbert Elroy"]
[Black "Kuybokarov, Temur"]
[Result "1/2-1/2"]
[WhiteElo "2330"]
[BlackElo "2600"]
[PlyCount "98"]
[EventDate "2024.04.23"]
[EventType "tourn"]
[EventRounds "11"]
[EventCountry "INA"]
[EventCategory "8"]
[SourceTitle "CB19_2024"]
[SourceDate "2024.05.08"]
[SourceVersion "1"]
[SourceVersionDate "2024.05.08"]
[SourceQuality "1"]

1. e4 e5 2. Nf3 Nc6 3. Nc3 Nf6 4. h3 Bb4 5. Nd5 Nxd5 6. exd5 e4 7. dxc6 exf3 8. Qxf3 dxc6 9. Bc4 0-0 10. 0-0 Qd7 11. c3 Bd6 12. d4 Qf5 13. Qxf5 Bxf5 14. Re1 Rfe8 15. Bd2 Kf8 16. a4 a5 17. d5 cxd5 18. Bxd5 c6 19. Bb3 Bc5 20. Rxe8+ Rxe8 21. Re1 Rxe1+ 22. Bxe1 g5 23. Bd2 f6 24. Kf1 Bd3+ 25. Ke1 Ke7 26. f4 h6 27. g3 Bf5 28. fxg5 fxg5 29. h4 Kf6 30. hxg5+ hxg5 31. Bd1 Be4 32. Kf1 Kf5 33. g4+ Kf6 34. Ke2 Bd6 35. Be3 c5 36. c4 b6 37. Bd2 Bf4 38. Be1 Bb1 39. Kf3 Ke6 40. b3 Kf6 41. Bc3+ Be5 42. Be1 Bg6 43. Ke3 Ke6 44. Kf3 Kd6 45. Bd2 Bf6 46. Be1 Ke5 47. Bc3+ Ke6 48. Be1 Ke5 49. Bc3+ Ke6 1/2-1/2

[Event "Jakarta Pertamina GM"]
[Site "Jakarta"]
[Date "2024.04.29"]
[Round "9"]
[White "Tarigan, Gilbert Elroy"]
[Black "Torre, Eugenio"]
[Result "1/2-1/2"]
[WhiteElo "2330"]
[BlackElo "2425"]
[PlyCount "57"]
[EventDate "2024.04.23"]
[EventType "tourn"]
[EventRounds "11"]
[EventCountry "INA"]
[EventCategory "8"]
[SourceTitle "CB19_2024"]
[SourceDate "2024.05.08"]
[SourceVersion "1"]
[SourceVersionDate "2024.05.08"]
[SourceQuality "1"]

1. Nf3 d5 2. g3 c6 3. Bg2 Bg4 4. 0-0 Nd7 5. h3 Bh5 6. d4 e6 7. c4 Ngf6 8. cxd5 cxd5 9. Nc3 Be7 10. Ne5 0-0 11. g4 Bg6 12. f4 Nxe5 13. dxe5 Ne4 14. Nxe4 Bxe4 15. Bxe4 dxe4 16. Be3 Qa5 17. Qd4 Qb5 18. a4 Qxe2 19. Rf2 Qd3 20. Qxd3 exd3 21. Rd1 Rfd8 22. Rfd2 Kf8 23. Rxd3 Ke8 24. Rxd8+ Rxd8 25. Rc1 Kd7 26. Rd1+ Ke8 27. Rc1 Kd7 28. Rd1+ Ke8 29. Rc1 1/2-1/2

[Event "Jakarta Pertamina GM"]
[Site "Jakarta"]
[Date "2024.04.24"]
[Round "2"]
[White "Arfan, Aditya Bagus"]
[Black "Tarigan, Gilbert Elroy"]
[Result "1-0"]
[WhiteElo "2407"]
[BlackElo "2330"]
[PlyCount "121"]
[EventDate "2024.04.23"]
[EventType "tourn"]
[EventRounds "11"]
[EventCountry "INA"]
[EventCategory "8"]
[SourceTitle "CB19_2024"]
[SourceDate "2024.05.08"]
[SourceVersion "1"]
[SourceVersionDate "2024.05.08"]
[SourceQuality "1"]

1. Nf3 Nf6 2. g3 d5 3. Bg2 e6 4. c4 Be7 5. 0-0 0-0 6. b3 c5 7. e3 Nc6 8. Bb2 d4 9. exd4 cxd4 10. Re1 Re8 11. d3 Bc5 12. Ne5 Nxe5 13. Rxe5 Qd6 14. f4 a5 15. Nd2 Rb8 16. Qe2 b6 17. Rf1 Bb7 18. g4 Bxg2 19. Qxg2 a4 20. g5 Nd7 21. Re2 axb3 22. axb3 b5 23. Ne4 Qb6 24. Qf2 bxc4 25. bxc4 Rbd8 26. f5 e5 27. f6 Qe6 28. fxg7 Kxg7 29. Qh4 Be7 30. Ref2 Kh8 31. Rxf7 Qg6 32. Qg3 Qe6 33. Qf3 Qg6 34. h4 Rf8 35. Qf5 Qxf5 36. R1xf5 Kg8 37. Rxf8+ Bxf8 38. Bc1 Rb8 39. Kf2 Rb1 40. Bd2 Be7 41. Ba5 Rh1 42. Bc7 Rh3 43. Ke2 Kg7 44. Rf2 Rxh4 45. Ng3 Rh3 46. Nf5+ Kf7 47. Nxd4+ Kg6 48. Nf3 Bxg5 49. Rg2 h6 50. Bxe5 Rxf3 51. Kxf3 Nxe5+ 52. Ke4 Kf6 53. c5 Ke6 54. d4 Nd7 55. d5+ Ke7 56. Kd4 Bf6+ 57. Kc4 h5 58. Kb5 Bd4 59. c6 Nb6 60. d6+ Kxd6 61. Rd2 1-0

[Event "Asia-ch Blitz U20"]
[Site "Jamshedpur"]
[Date "2023.09.15"]
[Round "6"]
[White "Grebnev, Aleksey"]
[Black "Tarigan, Gilbert Elroy"]
[Result "1-0"]
[WhiteElo "2400"]
[BlackElo "2284"]
[PlyCount "103"]
[EventDate "2023.09.15"]
[EventType "swiss (blitz)"]
[EventRounds "9"]
[EventCountry "IND"]
[SourceTitle "EXT 2024"]
[Source "ChessBase"]
[SourceDate "2023.10.10"]
[SourceVersion "1"]
[SourceVersionDate "2023.10.10"]
[SourceQuality "1"]

1. d4 g6 2. e4 c6 3. Nc3 d5 4. Nf3 Bg4 5. h3 Bxf3 6. Qxf3 e6 7. a3 Bg7 8. Be3 Nd7 9. 0-0-0 Ne7 10. h4 h5 11. Kb1 a5 12. Bg5 Qb6 13. Qe3 dxe4 14. Nxe4 Nf5 15. Qd2 Qxd4 16. Qxd4 Bxd4 17. c3 Be5 18. f3 Ng3 19. Nxg3 Bxg3 20. Rd2 f6 21. Be3 Ke7 22. Bd3 Ne5 23. Be2 Rad8 24. Bc5+ Kf7 25. Rhd1 Rd5 26. Bb6 Bf4 27. Rxd5 cxd5 28. Bxa5 Bg3 29. Rh1 Nc6 30. Bb6 Rc8 31. a4 Ne5 32. Be3 Nc4 33. Bc1 Ra8 34. b3 Nd6 35. Kb2 Be5 36. Bd2 Nf5 37. Bd3 Rc8 38. g4 Ng7 39. Rg1 hxg4 40. fxg4 Rh8 41. Be1 f5 42. b4 Ne8 43. h5 gxh5 44. gxf5 Nf6 45. fxe6+ Kxe6 46. Rh1 Ne4 47. Be2 Bf6 48. Bxh5 d4 49. cxd4 Bxd4+ 50. Kb3 Rg8 51. Be2 Be5 52. Bc4+ 1-0

[Event "Asia-ch U20"]
[Site "Jamshedpur"]
[Date "2023.09.12"]
[Round "5"]
[White "Grebnev, Aleksey"]
[Black "Tarigan, Gilbert Elroy"]
[Result "1-0"]
[WhiteElo "2486"]
[BlackElo "2370"]
[PlyCount "53"]
[EventDate "2023.09.09"]
[EventType "swiss"]
[EventRounds "9"]
[EventCountry "IND"]
[SourceTitle "EXT 2024"]
[Source "ChessBase"]
[SourceDate "2023.10.10"]
[SourceVersion "1"]
[SourceVersionDate "2023.10.10"]
[SourceQuality "1"]

1. d4 d5 2. c4 e6 3. Nc3 c5 4. cxd5 exd5 5. Nf3 Nc6 6. g3 Nf6 7. Bg2 cxd4 8. Nxd4 Bc5 9. Nb3 Bb6 10. Na4 0-0 11. Nxb6 axb6 12. Be3 h5 13. 0-0 h4 14. gxh4 Ng4 15. Bf4 Qxh4 16. Qxd5 Be6 17. Qg5 Qxg5 18. Bxg5 Ra4 19. Nc1 Rc8 20. b3 Ra5 21. Bd2 Rh5 22. Nd3 Nxh2 23. Rfc1 Ng4 24. Nf4 Rh4 25. Nxe6 fxe6 26. Rc4 Ne7 27. Bg5 1-0

[Event "Asia-ch U20"]
[Site "Jamshedpur"]
[Date "2023.09.09"]
[Round "1"]
[White "Sharnarthi, Viresh"]
[Black "Tarigan, Gilbert Elroy"]
[Result "0-1"]
[WhiteElo "1764"]
[BlackElo "2370"]
[PlyCount "72"]
[EventDate "2023.09.09"]
[EventType "swiss"]
[EventRounds "9"]
[EventCountry "IND"]
[SourceTitle "EXT 2024"]
[Source "ChessBase"]
[SourceDate "2023.10.10"]
[SourceVersion "1"]
[SourceVersionDate "2023.10.10"]
[SourceQuality "1"]

1. d4 g6 2. c4 Bg7 3. Nf3 c5 4. d5 d6 5. g3 b5 6. cxb5 a6 7. b6 Nd7 8. Bg2 Ngf6 9. 0-0 0-0 10. Nc3 a5 11. e4 Ba6 12. Re1 Ng4 13. Bf1 Qxb6 14. Bxa6 Qxa6 15. a4 Rab8 16. Nb5 Nb6 17. h3 Ne5 18. Nxe5 Bxe5 19. Na3 Qc8 20. Kg2 Qd7 21. Ra2 f5 22. f3 fxe4 23. fxe4 e6 24. Qg4 Rf6 25. Bg5 h5 26. Qe2 Rf7 27. Nc4 exd5 28. exd5 Nxc4 29. Qxc4 Qf5 30. Bf4 g5 31. Rf1 gxf4 32. gxf4 Rb4 33. fxe5 Qg5+ 34. Kh1 Rxc4 35. Rg1 Rc1 36. Ra1 Qxg1# 0-1

[Event "Asia zt 3.3"]
[Site "Jakarta"]
[Date "2023.05.12"]
[Round "9"]
[White "Kao, Jamison Edrich"]
[Black "Tarigan, Gilbert Elroy"]
[Result "0-1"]
[WhiteElo "1667"]
[BlackElo "2384"]
[PlyCount "112"]
[EventDate "2023.05.06"]
[EventType "swiss"]
[EventRounds "9"]
[EventCountry "INA"]
[SourceTitle "CBM 214 Extra"]
[Source "ChessBase"]
[SourceDate "2023.07.31"]
[SourceVersion "1"]
[SourceVersionDate "2023.07.31"]
[SourceQuality "1"]

1. c4 e5 2. Nc3 Nf6 3. g3 Bb4 4. Bg2 0-0 5. e4 Bxc3 6. bxc3 c6 7. d3 d5 8. exd5 cxd5 9. cxd5 Nxd5 10. Ne2 Nc6 11. 0-0 Bg4 12. Bb2 Qd7 13. Re1 Rad8 14. Qc2 Rfe8 15. Rad1 h5 16. a3 h4 17. d4 exd4 18. cxd4 h3 19. Bh1 Re7 20. Rd2 Rde8 21. Qc4 Nb6 22. Qb5 Ne5 23. Qxd7 Nexd7 24. f3 Bf5 25. Bc3 Nc4 26. Ra2 Nf6 27. Kf2 Nd5 28. Bb4 Re3 29. Nc1 Nxb4 30. Rxe3 Nxe3 31. axb4 Nd1+ 32. Kf1 Be6 33. Rd2 Bc4+ 34. Nd3 Nc3 35. Kf2 Bxd3 36. Rxd3 Re2+ 37. Kg1 Re1+ 38. Kf2 Re2+ 39. Kg1 Re1+ 40. Kf2 Rxh1 41. Rxc3 Rxh2+ 42. Kg1 Rb2 43. Rc4 g6 44. d5 b5 45. Rc8+ Kg7 46. d6 Rd2 47. Rb8 a6 48. Rb6 Kf6 49. Rxa6 Ke6 50. Rb6 Rg2+ 51. Kh1 Rxg3 52. f4 Rf3 53. Rxb5 Kxd6 54. f5 g5 55. f6 g4 56. Rg5 g3 0-1

[Event "Asia zt 3.3"]
[Site "Jakarta"]
[Date "2023.05.10"]
[Round "7"]
[White "Susilodinata, Andrean"]
[Black "Tarigan, Gilbert Elroy"]
[Result "1/2-1/2"]
[WhiteElo "2379"]
[BlackElo "2384"]
[PlyCount "68"]
[EventDate "2023.05.06"]
[EventType "swiss"]
[EventRounds "9"]
[EventCountry "INA"]
[SourceTitle "CBM 214 Extra"]
[Source "ChessBase"]
[SourceDate "2023.07.31"]
[SourceVersion "1"]
[SourceVersionDate "2023.07.31"]
[SourceQuality "1"]

1. e4 e5 2. Nf3 Nc6 3. d4 exd4 4. Nxd4 Nf6 5. Nc3 Bb4 6. Nxc6 bxc6 7. Bd3 d5 8. exd5 cxd5 9. 0-0 0-0 10. h3 c6 11. Qf3 Bd6 12. Re1 Rb8 13. b3 Be6 14. Bf4 Rb4 15. Ne2 Qc7 16. Bxd6 Qxd6 17. c3 Rbb8 18. Nf4 Rfe8 19. Qg3 Bd7 20. Nh5 Qxg3 21. Nxf6+ gxf6 22. fxg3 Re5 23. Kf2 Rbe8 24. b4 h6 25. Re2 Kf8 26. Rf1 R8e6 27. g4 Ke7 28. Ke1 Rxe2+ 29. Bxe2 Re5 30. Kd2 f5 31. gxf5 Bxf5 32. Bd3 Be6 33. a4 Rg5 34. Rf2 Rg3 1/2-1/2

[Event "Asia zt 3.3"]
[Site "Jakarta"]
[Date "2023.05.10"]
[Round "6"]
[White "Tarigan, Gilbert Elroy"]
[Black "Hafiz, Arif Abdul"]
[Result "1-0"]
[WhiteElo "2384"]
[BlackElo "2251"]
[PlyCount "63"]
[EventDate "2023.05.06"]
[EventType "swiss"]
[EventRounds "9"]
[EventCountry "INA"]
[SourceTitle "CBM 214 Extra"]
[Source "ChessBase"]
[SourceDate "2023.07.31"]
[SourceVersion "1"]
[SourceVersionDate "2023.07.31"]
[SourceQuality "1"]

1. e4 e6 2. d4 d5 3. e5 c5 4. c3 Nc6 5. Nf3 Qb6 6. Be2 Nh6 7. Bxh6 gxh6 8. Qd2 Bd7 9. 0-0 0-0-0 10. Na3 cxd4 11. cxd4 Kb8 12. Nc2 Rc8 13. Rab1 a5 14. Qf4 Qc7 15. Na3 f5 16. Nb5 Qb6 17. Nd6 Bxd6 18. exd6 Rhd8 19. Rfd1 Ka8 20. Qxh6 Qb4 21. a3 Qxd6 22. b4 a4 23. h3 Na7 24. b5 Rc3 25. Qd2 Rxa3 26. b6 Nc6 27. Ne5 Rb3 28. Rxb3 axb3 29. Ra1+ Kb8 30. Nf7 b2 31. Qxb2 Qe7 32. Nxd8 1-0

[Event "Titled Tuesday intern op 20th Dec Early"]
[Site "Chess.com INT"]
[Date "2022.12.20"]
[Round "4"]
[White "Gatterer, Florian"]
[Black "Tarigan, Gilbert Elroy"]
[Result "1/2-1/2"]
[WhiteElo "2175"]
[BlackElo "2384"]
[PlyCount "27"]
[EventDate "2022.12.20"]
[EventType "swiss (blitz)"]
[EventRounds "11"]
[EventCountry "USA"]
[SourceTitle "EXT 2024"]
[Source "ChessBase"]
[SourceDate "2023.10.10"]
[SourceVersion "1"]
[SourceVersionDate "2023.10.10"]
[SourceQuality "1"]

1. c4 Nf6 2. Nf3 g6 3. g3 Bg7 4. b3 0-0 5. Bb2 c5 6. Bg2 d5 7. cxd5 Nxd5 8. Bxg7 Kxg7 9. Qc1 b6 10. Qb2+ Kg8 11. d4 cxd4 12. Nxd4 Bb7 13. 0-0 Nd7 14. Rd1 1/2-1/2

[Event "Titled Tuesday intern op 20th Dec Early"]
[Site "Chess.com INT"]
[Date "2022.12.20"]
[Round "3"]
[White "Tarigan, Gilbert Elroy"]
[Black "Hoffmann, Asa"]
[Result "1-0"]
[WhiteElo "2384"]
[BlackElo "2185"]
[PlyCount "97"]
[EventDate "2022.12.20"]
[EventType "swiss (blitz)"]
[EventRounds "11"]
[EventCountry "USA"]
[SourceTitle "EXT 2024"]
[Source "ChessBase"]
[SourceDate "2023.10.10"]
[SourceVersion "1"]
[SourceVersionDate "2023.10.10"]
[SourceQuality "1"]

1. c4 Nf6 2. Nc3 d6 3. d4 c6 4. e4 e5 5. Be2 Qc7 6. Nf3 Bg4 7. 0-0 Nbd7 8. h3 Bh5 9. Be3 Be7 10. Qd2 a6 11. Rfd1 0-0 12. Rac1 Rfe8 13. d5 c5 14. Ne1 Bg6 15. Bf3 Rab8 16. a4 b6 17. g3 h6 18. Bg2 Nh7 19. f4 f5 20. exf5 Bxf5 21. g4 exf4 22. Bxf4 Bg6 23. Nf3 Bf6 24. Re1 Rxe1+ 25. Rxe1 Re8 26. Rxe8+ Bxe8 27. h4 Ndf8 28. g5 hxg5 29. hxg5 Bxc3 30. Qxc3 Ng6 31. Bg3 Bxa4 32. Qd3 Be8 33. Bh3 Nhf8 34. Nd2 Ne5 35. Bxe5 dxe5 36. d6 Qd8 37. Qd5+ Bf7 38. Qxe5 Ng6 39. Qg3 b5 40. Ne4 bxc4 41. d7 Qe7 42. Qd6 Qxe4 43. d8Q+ Kh7 44. Bg2 Qe3+ 45. Kh1 Qe1+ 46. Kh2 Qh4+ 47. Kg1 Qe1+ 48. Bf1 Qe3+ 49. Kh1 1-0

[Event "Titled Tuesday intern op 15th Nov Early"]
[Site "Chess.com INT"]
[Date "2022.11.15"]
[Round "6"]
[White "Xiong, Jeffery"]
[Black "Tarigan, Gilbert Elroy"]
[Result "1-0"]
[WhiteElo "2692"]
[BlackElo "2384"]
[PlyCount "63"]
[EventDate "2022.11.15"]
[EventType "swiss (blitz)"]
[EventRounds "11"]
[EventCountry "USA"]
[SourceTitle "CBM 211 Extra"]
[Source "ChessBase"]
[SourceDate "2023.01.31"]
[SourceVersion "1"]
[SourceVersionDate "2023.01.31"]
[SourceQuality "1"]

1. Nf3 Nf6 2. g3 d5 3. c4 e6 4. Bg2 Be7 5. 0-0 0-0 6. b3 a5 7. Nc3 c6 8. Bb2 Na6 9. e3 Nc5 10. d4 Nce4 11. Ne5 Nxc3 12. Bxc3 Ne4 13. Be1 f6 14. Nd3 a4 15. b4 Nd6 16. c5 Nc4 17. Bc3 a3 18. Rb1 Bd7 19. e4 Be8 20. Re1 Qd7 21. b5 cxb5 22. exd5 exd5 23. Nf4 Bf7 24. Qb3 g5 25. Qxb5 Qxb5 26. Rxb5 gxf4 27. Rxe7 Rfe8 28. Rxf7 Kxf7 29. Bxd5+ Kg6 30. Bxc4 Re7 31. Bd3+ Kg7 32. gxf4 1-0

[Event "Titled Tuesday intern op 08th Nov Early"]
[Site "Chess.com INT"]
[Date "2022.11.08"]
[Round "3"]
[White "Harsha, Bharathakoti"]
[Black "Tarigan, Gilbert Elroy"]
[Result "1-0"]
[WhiteElo "2582"]
[BlackElo "2384"]
[PlyCount "143"]
[EventDate "2022.11.08"]
[EventType "swiss (blitz)"]
[EventRounds "11"]
[EventCountry "USA"]
[SourceTitle "EXT 2024"]
[Source "ChessBase"]
[SourceDate "2023.10.10"]
[SourceVersion "1"]
[SourceVersionDate "2023.10.10"]
[SourceQuality "1"]

1. c4 Nf6 2. Nc3 c6 3. d4 d5 4. cxd5 cxd5 5. Bf4 a6 6. e3 Nc6 7. Be2 e6 8. Rc1 Bd6 9. Bxd6 Qxd6 10. f4 0-0 11. Nf3 Bd7 12. 0-0 Ne7 13. Ne5 Rfc8 14. Bd3 Qb6 15. g4 Qxb2 16. g5 Ne4 17. Nxe4 dxe4 18. Bxe4 Rxc1 19. Qxc1 Qxc1 20. Rxc1 Rc8 21. Rb1 Bb5 22. a4 Bxa4 23. Rxb7 Nd5 24. Bxd5 exd5 25. Rxf7 Ra8 26. f5 Be8 27. Re7 Kf8 28. f6 gxf6 29. gxf6 a5 30. Rxh7 Kg8 31. f7+ Bxf7 32. Rxf7 a4 33. Rf2 a3 34. Ra2 Kg7 35. Kf2 Kf6 36. Ke2 Kf5 37. Kd3 Ra6 38. h4 Rh6 39. Rxa3 Ra6 40. Rc3 Ra1 41. h5 Rd1+ 42. Ke2 Rh1 43. Kd3 Rd1+ 44. Kc2 Rh1 45. Nd3 Rxh5 46. Nf4 Rh1 47. Kd3 Rd1+ 48. Ke2 Ra1 49. Nxd5 Ke4 50. Nf6+ Kf5 51. Nd7 Ke4 52. Nc5+ Kd5 53. Kd3 Rd1+ 54. Kc2 Ra1 55. Rb3 Kc4 56. Rc3+ Kd5 57. Kb2 Rh1 58. Kb3 Rb1+ 59. Ka4 Ra1+ 60. Kb5 Rb1+ 61. Rb3 Ra1 62. Rb4 Ra8 63. e4+ Kd6 64. Kc4 Ra1 65. e5+ Kc6 66. d5+ Kc7 67. Rb7+ Kc8 68. d6 Rd1 69. Rc7+ Kb8 70. Kb5 Rb1+ 71. Kc6 Ka8 72. d7 1-0

[Event "Titled Tuesday intern op 08th Nov Early"]
[Site "Chess.com INT"]
[Date "2022.11.08"]
[Round "2"]
[White "Tarigan, Gilbert Elroy"]
[Black "Bibilashvili, Lali"]
[Result "1-0"]
[WhiteElo "2384"]
[BlackElo "1919"]
[PlyCount "75"]
[EventDate "2022.11.08"]
[EventType "swiss (blitz)"]
[EventRounds "11"]
[EventCountry "USA"]
[SourceTitle "EXT 2024"]
[Source "ChessBase"]
[SourceDate "2023.10.10"]
[SourceVersion "1"]
[SourceVersionDate "2023.10.10"]
[SourceQuality "1"]

1. e3 Nf6 2. b3 g6 3. Bb2 Bg7 4. Nf3 0-0 5. Be2 d6 6. d4 Nbd7 7. 0-0 c5 8. c4 b6 9. Nc3 Bb7 10. d5 a6 11. a4 Ne8 12. e4 Nc7 13. Qd2 Ne5 14. Nxe5 Bxe5 15. f4 Bd4+ 16. Kh1 e5 17. f5 Qh4 18. Rf3 Bxc3 19. Bxc3 Qxe4 20. Raf1 Bc8 21. Re3 Qh4 22. Rh3 Qf6 23. fxg6 Qxg6 24. Rg3 Kh8 25. Rxg6 hxg6 26. Qh6+ Kg8 27. Bd3 Bg4 28. h3 Bd7 29. Bxg6 fxg6 30. Qxg6+ Kh8 31. Qh6+ Kg8 32. Rxf8+ Rxf8 33. Qg6+ Kh8 34. Qh6+ Kg8 35. Qg6+ Kh8 36. Qxd6 Rf7 37. Qxe5+ Kg8 38. Qh8# 1-0

[Event "Titled Tuesday intern op 08th Nov Early"]
[Site "Chess.com INT"]
[Date "2022.11.08"]
[Round "4"]
[White "Tarigan, Gilbert Elroy"]
[Black "Rottenwohrer Suarez, Juan"]
[Result "1-0"]
[WhiteElo "2384"]
[BlackElo "2295"]
[PlyCount "81"]
[EventDate "2022.11.08"]
[EventType "swiss (blitz)"]
[EventRounds "11"]
[EventCountry "USA"]
[SourceTitle "EXT 2024"]
[Source "ChessBase"]
[SourceDate "2023.10.10"]
[SourceVersion "1"]
[SourceVersionDate "2023.10.10"]
[SourceQuality "1"]

1. e4 c5 2. Nf3 d6 3. c3 Nf6 4. Bd3 Nc6 5. Bc2 Bg4 6. h3 Bh5 7. d3 e6 8. Nbd2 Be7 9. Nf1 d5 10. Ng3 Bg6 11. 0-0 Qc7 12. Qe2 Bd6 13. Nf5 exf5 14. exf5+ Kd7 15. fxg6 Rae8 16. Qd1 hxg6 17. d4 c4 18. b3 Kc8 19. bxc4 dxc4 20. Rb1 Kb8 21. Nd2 Ne7 22. Ne4 Ned5 23. Nxf6 gxf6 24. Qf3 Qd7 25. Ba4 Qxa4 26. Qxd5 Qd7 27. Bf4 Re6 28. Bxd6+ Rxd6 29. Rxb7+ Qxb7 30. Qxd6+ Ka8 31. Qxf6 Re8 32. Qd6 a6 33. Qc5 Rc8 34. Qe5 g5 35. Re1 g4 36. hxg4 Rg8 37. Qe4 Qxe4 38. Rxe4 Kb7 39. Re7+ Kc6 40. Rxf7 Rxg4 41. Rf5 1-0

[Event "Titled Tuesday intern op 06th Sep Early"]
[Site "Chess.com INT"]
[Date "2022.09.06"]
[Round "1"]
[White "Jakubowska, Anna"]
[Black "Tarigan, Gilbert Elroy"]
[Result "0-1"]
[WhiteElo "2139"]
[BlackElo "2384"]
[PlyCount "106"]
[EventDate "2022.09.06"]
[EventType "swiss (blitz)"]
[EventRounds "11"]
[EventCountry "USA"]
[SourceTitle "EXT 2023"]
[Source "ChessBase"]
[SourceDate "2022.10.05"]
[SourceVersion "1"]
[SourceVersionDate "2022.10.05"]
[SourceQuality "1"]

1. e4 c5 2. Nc3 e6 3. g3 h5 4. h3 h4 5. g4 Ne7 6. Bg2 Ng6 7. Nge2 Bd6 8. d4 cxd4 9. Qxd4 Bc7 10. f4 e5 11. Qf2 exf4 12. Nxf4 Nxf4 13. Bxf4 Nc6 14. Nd5 Bxf4 15. Qxf4 d6 16. 0-0-0 Be6 17. Nc3 Ne5 18. Rd4 0-0 19. Rhd1 Rc8 20. Rxd6 Qa5 21. R6d5 Bxd5 22. Qxe5 Rxc3 23. Qxc3 Qxc3 24. bxc3 Bxa2 25. Rd7 Rb8 26. e5 Be6 27. Rxb7 Rxb7 28. Bxb7 Kf8 29. Kb2 Ke7 30. Ka3 Kd8 31. Kb4 Kc7 32. Bg2 Kb6 33. c4 a5+ 34. Ka4 Bd7+ 35. Kb3 Kc5 36. Bd5 Be6 37. Ka4 Bxd5 38. cxd5 Kxd5 39. Kxa5 g5 40. Kb5 Kxe5 41. c4 f5 42. c5 fxg4 43. c6 Kd6 44. Kb6 g3 45. c7 g2 46. c8Q g1Q+ 47. Kb5 Qb1+ 48. Ka4 Ke5 49. Qc5+ Kf4 50. Qf2+ Ke4 51. Qe2+ Kf5 52. Qf2+ Kg6 53. Qf3 Qf5 0-1

[Event "Titled Tuesday intern op 06th Sep Early"]
[Site "Chess.com INT"]
[Date "2022.09.06"]
[Round "2"]
[White "Tarigan, Gilbert Elroy"]
[Black "Aliaga Fernandez, Ingrid Yadira"]
[Result "1-0"]
[WhiteElo "2384"]
[BlackElo "2167"]
[PlyCount "89"]
[EventDate "2022.09.06"]
[EventType "swiss (blitz)"]
[EventRounds "11"]
[EventCountry "USA"]
[SourceTitle "EXT 2023"]
[Source "ChessBase"]
[SourceDate "2022.10.05"]
[SourceVersion "1"]
[SourceVersionDate "2022.10.05"]
[SourceQuality "1"]

1. e4 c5 2. Nf3 Nc6 3. c3 Nf6 4. Bd3 e5 5. Bc2 d6 6. 0-0 Be7 7. d3 0-0 8. Nbd2 Bg4 9. Re1 Bh5 10. Nf1 Re8 11. Ng3 Bg6 12. Nh4 d5 13. Nhf5 Bf8 14. Qe2 d4 15. h4 b5 16. h5 Bxf5 17. Nxf5 dxc3 18. bxc3 b4 19. cxb4 cxb4 20. Bb2 Nd4 21. Bxd4 exd4 22. Qf3 Nd7 23. Bb3 Ne5 24. Qg3 Qf6 25. f4 Nd7 26. Rac1 Rac8 27. Rxc8 Rxc8 28. Qg4 Nc5 29. e5 Qb6 30. Ne7+ Bxe7 31. Qxc8+ Bf8 32. Bc4 Qh6 33. Qf5 Ne6 34. Bxe6 fxe6 35. Qg4 g6 36. Qxe6+ Kh8 37. hxg6 hxg6 38. Qf6+ Bg7 39. Qd8+ Kh7 40. Qxd4 Qh4 41. Qe3 Bh6 42. e6 Bxf4 43. Qh3 Qxh3 44. gxh3 Bg3 45. e7 1-0

[Event "Titled Tuesday intern op 06th Sep Early"]
[Site "Chess.com INT"]
[Date "2022.09.06"]
[Round "3"]
[White "Tarigan, Gilbert Elroy"]
[Black "Timofeev, Artyom"]
[Result "1/2-1/2"]
[WhiteElo "2384"]
[BlackElo "2567"]
[PlyCount "110"]
[EventDate "2022.09.06"]
[EventType "swiss (blitz)"]
[EventRounds "11"]
[EventCountry "USA"]
[SourceTitle "EXT 2023"]
[Source "ChessBase"]
[SourceDate "2022.10.05"]
[SourceVersion "1"]
[SourceVersionDate "2022.10.05"]
[SourceQuality "1"]

1. e4 c5 2. Nf3 Nc6 3. d4 cxd4 4. Nxd4 Qb6 5. Nb3 Nf6 6. Nc3 e6 7. Be3 Qc7 8. a3 a6 9. g4 d5 10. exd5 Nxd5 11. Nxd5 exd5 12. Qxd5 Be6 13. Qe4 Be7 14. Bc4 Bxc4 15. Qxc4 0-0 16. 0-0-0 Rac8 17. Bf4 Qb6 18. Be3 Qc7 19. Bf4 b5 20. Qe4 Qb6 21. Be3 Qb8 22. Bf4 Qa8 23. Bd6 Rfe8 24. Bxe7 Rxe7 25. Qf3 a5 26. Rhe1 Rec7 27. Kb1 Qa7 28. Qe3 Qb8 29. Nc5 Qa8 30. Nd7 Rd8 31. Nb6 Rxd1+ 32. Rxd1 Qf8 33. Rd7 Rxd7 34. Nxd7 Qd8 35. Nc5 g6 36. Qd3 Qb8 37. Qd5 Qc7 38. Nd7 Kg7 39. g5 h5 40. h4 Ne7 41. Qd4+ Kg8 42. Nf6+ Kf8 43. Nh7+ Kg8 44. Nf6+ Kf8 45. Nd5 Nxd5 46. Qxd5 Qb6 47. f4 b4 48. axb4 axb4 49. Qe5 Qg1+ 50. Ka2 Qf2 51. Kb3 Qxh4 52. Qh8+ Ke7 53. Qe5+ Kf8 54. Qh8+ Ke7 55. Qe5+ Kf8 1/2-1/2

[Event "Titled Tuesday intern op 16th Aug Late"]
[Site "Chess.com INT"]
[Date "2022.08.16"]
[Round "1"]
[White "Mickiewicz, Piotr"]
[Black "Tarigan, Gilbert Elroy"]
[Result "1/2-1/2"]
[WhiteElo "2243"]
[BlackElo "2384"]
[PlyCount "131"]
[EventDate "2022.08.16"]
[EventType "swiss (blitz)"]
[EventRounds "11"]
[EventCountry "USA"]
[SourceTitle "EXT 2023"]
[Source "ChessBase"]
[SourceDate "2022.10.05"]
[SourceVersion "1"]
[SourceVersionDate "2022.10.05"]
[SourceQuality "1"]

1. e4 c6 2. Nc3 d5 3. Nf3 Bg4 4. h3 Bxf3 5. Qxf3 e6 6. g3 Nd7 7. Bg2 Ngf6 8. 0-0 Bc5 9. d3 0-0 10. Qe2 dxe4 11. dxe4 e5 12. Be3 Bxe3 13. Qxe3 Qb6 14. Qxb6 Nxb6 15. b3 a5 16. a4 Rfd8 17. Rfd1 Kf8 18. f4 Nfd7 19. Kf2 Ke7 20. Ke3 f6 21. h4 Nc5 22. Bh3 h6 23. h5 Na6 24. Na2 Rab8 25. Bf5 Na8 26. Rac1 N8c7 27. Nc3 Nb4 28. Rxd8 Rxd8 29. Ne2 Nba6 30. Ng1 b5 31. axb5 cxb5 32. Ra1 Nb4 33. Rxa5 Nxc2+ 34. Kf3 Nd4+ 35. Kg4 Nc6 36. Ra2 Rd3 37. Nf3 Kd6 38. Rc2 Rxb3 39. Rd2+ Kc5 40. Rd7 Ne8 41. Bg6 Nd6 42. Rxg7 b4 43. fxe5 fxe5 44. Rc7 Rxf3 45. Kxf3 b3 46. Bf7 Nxf7 47. Rb7 Nb4 48. Rc7+ Kb5 49. Rb7+ Kc4 50. Rc7+ Kd3 51. Rd7+ Kc2 52. Rc7+ Kd2 53. Rd7+ Nd3 54. Rxf7 b2 55. Rb7 Kc3 56. Rxb2 Kxb2 57. Kg4 Kc3 58. Kf5 Kd4 59. g4 Nf4 60. g5 hxg5 61. Kxg5 Ne6+ 62. Kf6 Nf8 63. Kg7 Ne6+ 64. Kf6 Nf8 65. Kg7 Ne6+ 66. Kf6 1/2-1/2

[Event "Titled Tuesday intern op 16th Aug Late"]
[Site "Chess.com INT"]
[Date "2022.08.16"]
[Round "2"]
[White "Tarigan, Gilbert Elroy"]
[Black "Urbina Perez, Juan Antonio"]
[Result "1-0"]
[WhiteElo "2384"]
[BlackElo "2274"]
[PlyCount "53"]
[EventDate "2022.08.16"]
[EventType "swiss (blitz)"]
[EventRounds "11"]
[EventCountry "USA"]
[SourceTitle "EXT 2023"]
[Source "ChessBase"]
[SourceDate "2022.10.05"]
[SourceVersion "1"]
[SourceVersionDate "2022.10.05"]
[SourceQuality "1"]

1. d4 d5 2. Bf4 c6 3. e3 Qb6 4. Qc1 Bf5 5. Nf3 Nf6 6. Nbd2 e6 7. c4 dxc4 8. Bxc4 Nbd7 9. 0-0 Ne4 10. Nxe4 Bxe4 11. Ne5 Nxe5 12. Bxe5 Bd5 13. Bd3 f6 14. Bg3 c5 15. e4 Bc6 16. d5 Bd7 17. Bc4 e5 18. f4 exf4 19. Qxf4 Be7 20. e5 Bb5 21. d6 Bxc4 22. Qxc4 Bd8 23. Qe6+ Kf8 24. exf6 Bxf6 25. Rxf6+ gxf6 26. Qxf6+ Kg8 27. Qe6+ 1-0